000 00258nam a2200109Ia 4500
008 200302s9999 xx 000 0 und d
100 _aGarry Thomson
245 _aThe Museum Environment
260 _bButterworths Pvt. Ltd.
260 _c1978
300 _a270 P.,
999 _c301
_d301